Países más cercanos a República Dominicana - ¡Muerte súbita! - Estadísticas

Estadísticas generales
  • Esta prueba ha sido intentada 65 veces
  • La puntuación promedio es 7 de 15
Answers on the Grid
Answers color-coded by a green-red scale on the quiz's grid according to % correct below.
Haití
Bahamas
Cuba
Jamaica
Colombia
San Cristóbal y Nieves
Venezuela
Antigua y Barbuda
Dominica
Santa Lucía
San Vicente y las Granadinas
Granada
Barbados
Trinidad y Tobago
Panamá
Canadá
México
Belice
Guatemala
El Salvador
Honduras
Guyana
Surinam
Perú
Bolivia
Ecuador
Brasil
Paraguay
Chile
Argentina
 
Estadísticas de respuestas
Respuesta % Correcto
Haití
87%
Cuba
63%
Dominica
55%
Jamaica
55%
San Cristóbal y Nieves
47%
San Vicente y las Granadinas
47%
Santa Lucía
45%
Trinidad y Tobago
45%
Antigua y Barbuda
42%
Bahamas
42%
Granada
39%
Barbados
37%
Panamá
21%
Venezuela
21%
Colombia
11%
No se encontraron pruebas coincidentes
Distribución de puntuación
Porcentaje de gente con cada puntuación
Porcentaje por número respondido
Historial de tus puntuaciones
No has intentado esta prueba.